Tribhuvan University Central Library

Compulsory mathematics (Record no. 91369)

MARC details
000 -LEADER
fixed length control field 00406nam a22001697a 4500
008 - FIXED-LENGTH DATA ELEMENTS--GENERAL INFORMATION
fixed length control field 200127b xxu||||| |||| 00| 0 eng d
020 ## - INTERNATIONAL STANDARD BOOK NUMBER
International Standard Book Number 9789937531368
041 ## - LANGUAGE CODE
Language code of text/sound track or separate title Eng.
082 ## - DEWEY DECIMAL CLASSIFICATION NUMBER
Classification number 510/S41c
100 ## - MAIN ENTRY--PERSONAL NAME
Personal name Simkhada, D.R.
245 ## - TITLE STATEMENT
Title Compulsory mathematics
250 ## - EDITION STATEMENT
Edition statement 5th.
260 ## - PUBLICATION, DISTRIBUTION, ETC.
Place of publication, distribution, etc. Kathmandu:
Name of publisher, distributor, etc. Readmore,
Date of publication, distribution, etc. 2067 B.S.
300 ## - PHYSICAL DESCRIPTION
Extent 280p.,illus
650 ## - SUBJECT ADDED ENTRY--TOPICAL TERM
Topical term or geographic name entry element Mathematics
942 ## - ADDED ENTRY ELEMENTS (KOHA)
Source of classification or shelving scheme Dewey Decimal Classification
Koha item type ISBN
Holdings
Withdrawn status Lost status Source of classification or shelving scheme Damaged status Not for loan Home library Current library Date acquired Total Checkouts Full call number Barcode Date last seen Price effective from Koha item type
    Dewey Decimal Classification     Tribhuvan University Central Library Tribhuvan University Central Library 01/27/2020   510/S41c IS8529 01/27/2020 01/27/2020 ISBN